[Event "Bialystok Zamenhof Memorial"]
[Site "Bialystok"]
[Date "2011.12.30"]
[Round "7"]
[White "Borawski, Jakub"]
[Black "Ermoshuk, Oleg"]
[Result "1/2-1/2"]
[WhiteElo "1921"]
[BlackElo "2245"]
[PlyCount "110"]
[EventDate "2011.12.27"]
[EventType "swiss"]
[EventRounds "9"]
[EventCountry "POL"]
[SourceTitle "CBM 146 Extra"]
[Source "ChessBase"]
[SourceDate "2012.02.29"]
[SourceVersion "1"]
[SourceVersionDate "2012.02.29"]
[SourceQuality "1"]

1. f4 d5 2. Nf3 c5 3. e3 Nc6 4. b3 Nf6 5. Bb2 e6 6. Bb5 Qb6 7. Bxc6+ bxc6 8. Ba3 Ba6 9. Nc3 Be7 10. Ne5 Rc8 11. Qf3 0-0 12. g4 Qa5 13. Bb2 Rfd8 14. g5 Nd7 15. Ng4 f5 16. gxf6 Nxf6 17. Ne5 d4 18. Nxc6 Qc7 19. Nxd8 dxc3 20. Bxc3 Rxd8 21. Rg1 Bb7 22. Qh3 Kf7 23. 0-0-0 Rg8 24. d3 c4 25. bxc4 a5 26. Rg5 Ba3+ 27. Kd2 Bb4 28. Bxb4 axb4 29. Rb1 Ne4+ 30. dxe4 Rd8+ 31. Kc1 Qxc4 32. Qxh7 Qc3 33. Qxg7+ Qxg7 34. Rxg7+ Kxg7 35. Rxb4 Bc6 36. Kb2 Kf6 37. a4 Ra8 38. Kb3 Rh8 39. Rc4 Bb7 40. a5 Rxh2 41. Kb4 Rh3 42. Rc3 Bxe4 43. a6 Rh8 44. a7 Ra8 45. Rc7 Bxc2 46. Rxc2 Rxa7 47. Rc5 Ra1 48. Kc4 Rc1+ 49. Kd4 Rxc5 50. Kxc5 e5 51. f5 Kxf5 52. Kd5 Kf6 53. e4 Kf7 54. Kxe5 Ke7 55. Kd5 Kd7 1/2-1/2

[Event "Bialystok Zamenhof Memorial"]
[Site "Bialystok"]
[Date "2011.12.27"]
[Round "2"]
[White "Ermoshuk, Oleg"]
[Black "Daciuk, Jaroslaw"]
[Result "1/2-1/2"]
[WhiteElo "2245"]
[BlackElo "1627"]
[PlyCount "123"]
[EventDate "2011.12.27"]
[EventType "swiss"]
[EventRounds "9"]
[EventCountry "POL"]
[SourceTitle "CBM 146 Extra"]
[Source "ChessBase"]
[SourceDate "2012.02.29"]
[SourceVersion "1"]
[SourceVersionDate "2012.02.29"]
[SourceQuality "1"]

1. c4 e6 2. Nc3 Nf6 3. e4 d6 4. d4 Be7 5. Be3 0-0 6. h3 c5 7. Nf3 a6 8. Be2 Qc7 9. 0-0 cxd4 10. Nxd4 Nc6 11. Rc1 Bd7 12. Qd2 Rac8 13. Rfd1 Qb8 14. f4 Nxd4 15. Bxd4 Bc6 16. e5 Ne4 17. Nxe4 Bxe4 18. Qe3 d5 19. c5 Rc6 20. Rc3 Rfc8 21. Rdc1 Qc7 22. b4 Qb8 23. a4 R6c7 24. b5 Qa8 25. b6 Rc6 26. Bb5 Bf8 27. Bxc6 Rxc6 28. g4 Qc8 29. Qf2 Qd7 30. Kh2 Be7 31. Rf1 Qd8 32. f5 Bh4 33. Qd2 Qc8 34. g5 exf5 35. Qf4 Bxg5 36. Qxg5 Rg6 37. Qd2 Qc6 38. Rg1 Re6 39. Qg5 g6 40. Qd8+ Re8 41. Qxe8+ Qxe8 42. c6 bxc6 43. b7 h5 44. Rb3 Qb8 45. Rc1 Kh7 46. Rxc6 Qd8 47. b8Q Qg5 48. Rxg6 Qd2+ 49. Kg3 Qe1+ 50. Bf2 h4+ 51. Kxh4 Qxf2+ 52. Rgg3 Qf4+ 53. Rg4 fxg4 54. hxg4 Bf5 55. Kh3 Qxg4+ 56. Kh2 Qe2+ 57. Kg3 Qe1+ 58. Kf4 Qe4+ 59. Kg3 Qg4+ 60. Kf2 Qf4+ 61. Kg2 Qg4+ 62. Kf2 1/2-1/2